Microsoft MS DOS 6 Bạn muốn trở thành chuyên viên vè hệ điều hành T.2

Làm quen với MS-DOS 6,các lệnh của MS-DOS 6,đĩa từ và cách quản lí đĩa từ,quản lí các thư mục,quản lí các tập tin,...

Spremljeno u:
Bibliografski detalji
Glavni autor: Dương Quang Thiện
Format: Knjiga
Jezik:Vietnamese
Izdano: TP HCM Lưu hành nội bộ 1993
Serija:Tủ sách tin học; Văn phòng dịch vụ điện toán
Teme:
Oznake: Dodaj oznaku
Bez oznaka, Budi prvi tko označuje ovaj zapis!
Thư viện lưu trữ: Mạng thư viện Đại học Đà Nẵng
LEADER 01423nam a2200373 4500
001 000009400
003 5597
005 20111026161030.0
008 111026s1993 viesd
041 0 |a vie 
082 |a 005.26  |b DƯ-T 
100 0 |a Dương Quang Thiện 
245 1 0 |a Microsoft MS DOS 6  |b Bạn muốn trở thành chuyên viên vè hệ điều hành  |c Dương Quang Thiện  |n T.2 
260 |a TP HCM  |b Lưu hành nội bộ  |c 1993 
300 |a Từ chương 6-14  |b bảng  |c 27cm 
490 |a Tủ sách tin học; Văn phòng dịch vụ điện toán 
500 |a Đầu sách ghi: Sách gối đầu 
520 |a Làm quen với MS-DOS 6,các lệnh của MS-DOS 6,đĩa từ và cách quản lí đĩa từ,quản lí các thư mục,quản lí các tập tin,... 
653 |a MS DOS 6 
653 |a Tập tin 
653 |a đĩa cứng 
653 |a đĩa mêm 
653 |a lưu trữ 
773 |t Microsoft MS DOS 6  |w 5592 
OWN |a LSP 
AVA |a UDN50  |b LSP  |d 005.26 DƯ-T  |e available  |t Error 5001 Not defined in file expand_doc_bib_avail.  |f 4  |g 0  |h N  |i 0  |k 1 
999 |a From the UDN01 
AVA |a UDN50  |b LSP  |d 005.26 DƯ-T  |e available  |t Error 5001 Not defined in file expand_doc_bib_avail.  |f 4  |g 0  |h N  |i 0  |k 1 
TYP |a Monograph 
TYP |a Printed language 
980 |a Mạng thư viện Đại học Đà Nẵng